The French monarchy (1483-1789)

Saved in:
Bibliographic Details
Main Author: GRANT, A.J
Format: Book
Language:English
Published: Cambridge University Press 2013
Tags: Add Tag
No Tags, Be the first to tag this record!

MARC

LEADER 00000nam a22000007a 4500
008 210902b ||||| |||| 00| 0 eng d
020 |a 9781107631113 
100 |a GRANT, A.J. 
245 |a The French monarchy (1483-1789)  |c A.J. Grant  |e Cambridge historical series  |g vi, 298p 
260 |b Cambridge University Press  |c 2013  |h Cambridge University Press  |i 696101  |i 696102  |i 696103  |i 69104  |l DC110.G75  |m France- History- House of Valois, 1328-1589  |m France- History- Bourbons, 1589-1789 
500 |a vol i-iv 
942 |a lcc  |c BK  |e Johnson  |f 02/09/21 
952 |0 0  |1 0  |2 lcc  |4 0  |7 0  |9 3353  |a ART  |b HOL  |c AF  |d 2021-09-02  |o DC110.G75  |p 2021-67064  |r 2021-09-02 00:00:00  |w 2021-09-02  |y BK 
952 |0 0  |1 0  |2 lcc  |4 0  |6 DC0110 G75  |7 0  |9 3354  |a ART  |b HOL  |c AF  |d 2021-09-02  |l 0  |o DC110.G75  |p 2021-67065  |r 2021-09-02 00:00:00  |w 2021-09-02  |y BK 
952 |0 0  |1 0  |2 lcc  |4 0  |7 0  |9 3355  |a HOL  |b HOL  |c AF  |d 2021-09-02  |o DC110.G75  |p 2021-67067  |r 2021-09-02 00:00:00  |w 2021-09-02  |y BK 
952 |0 0  |1 0  |2 lcc  |4 0  |6 DC0110 G75  |7 0  |9 3356  |a HOL  |b HOL  |c AF  |d 2021-09-02  |l 0  |o DC110.G75  |p 2021-67066  |r 2021-09-02 00:00:00  |w 2021-09-02  |y BK 
999 |c 1671  |d 1671